[Event "7th RTU Open 2017"]
[Site "Riga"]
[Date "2017.08.09"]
[Round "4"]
[White "Pultinevicius, Paulius"]
[Black "Tregubov, Pavel V"]
[Result "1/2-1/2"]
[WhiteElo "2389"]
[BlackElo "2593"]
[Annotator "TA"]
[PlyCount "116"]
[EventDate "2017.??.??"]
[EventType "swiss"]
[EventCountry "LAT"]
[SourceTitle "playchess.com"]
[Source "ChessBase"]
[SourceQuality "1"]

{[%evp 19,116,0,0,-2,0,10,6,4,6,13,8,-4,0,0,0,-8,1,1,-5,-8,16,-2,-2,-6,-10,-28,-12,-26,-6,-45,0,0,0,0,0,0,0,0,0,0,0,0,0,-83,0,-415,-409,-566,-562,-553,-515,-493,-468,-709,-648,-441,-140,-140,-130,-124,-79,-89,-55,-55,-55,-55,-64,-112,0,0,0,0,0,0,0,0,0,0,0,0,0,0,0,0,0,0,0,0,0,0,0,0,0,0,0,0,0,0,0]} 1. Nf3 d5 2. g3 Nf6 3. Bg2 Bf5 4. O-O e6 5. c4 c6 6. cxd5 exd5 7. d3 Na6 {A11: English Opening: 1...c6} 8. Nc3 Be7 9. Nd4 Bg6 10. e4 O-O {LiveBook: 9 Games} 11. a3 $146 ({Predecessor:} 11. h3 Re8 12. Re1 dxe4 13. dxe4 Bc5 14. Nb3 Qxd1 15. Rxd1 Nxe4 16. Nxe4 Bxe4 17. Bxe4 Rxe4 18. Nxc5 Nxc5 {½-½ (64) Safarli,E (2657)-Balogh,C (2659) Baku 2015}) 11... Bc5 12. Nb3 dxe4 13. dxe4 Qxd1 14. Rxd1 Bb6 15. h3 Rfe8 {[%cal Rf6e4]} 16. Re1 Nd7 17. Be3 Ndc5 18. Nxc5 Nxc5 19. Rad1 f5 20. b4 Nxe4 21. Nxe4 fxe4 22. Bxb6 axb6 23. Re3 c5 24. b5 Red8 25. Rxd8+ Rxd8 26. Bxe4 Bxe4 27. Rxe4 $11 {[%mdl 4096] Endgame KR-KR} Kf7 28. Kf1 Rd6 29. h4 Re6 30. Rf4+ Ke7 31. g4 (31. h5 $11 {remains equal.}) 31... Kd6 (31... g6 $1 $17) 32. g5 $2 {[%mdl 8192]} (32. Rf7 $11) 32... Re7 $19 33. h5 Kd5 34. g6 hxg6 35. hxg6 {[#]} Re6 $1 36. a4 (36. Rf7 $142 Rxg6 37. Rf4) 36... c4 37. Rf7 {[#]} Rxg6 $2 (37... c3 $1 $19 {[%cal Rc3c2] and Black stays clearly on top. Strongly threatening ...c2.} 38. Rc7 (38. Rxg7 $2 c2 $19) 38... Kd4) 38. Rxb7 $17 Kc5 39. Rc7+ Kb4 40. Rc6 Rf6 (40... Rg5 {looks sharper.} 41. Ke2 Re5+ 42. Kd1 Kxa4 43. Rxc4+ Kxb5 44. Rg4 g5) 41. Ke2 Kxa4 42. Rxc4+ Kxb5 43. Rg4 g6 ({Better is} 43... Rf7 $17 44. Rg1 Kb4 45. Rb1+ Kc5 46. Rc1+ Kd4) 44. f4 $11 {The position is equal.} Rd6 45. Rg1 Kc4 {Hoping for ...Re6+.} 46. Rc1+ Kb3 47. Rb1+ Kc2 48. Rb5 Kc3 49. Rb1 $1 Re6+ 50. Kf3 Kd3 (50... Kc4 $5 {[%cal Rb6b5]} 51. Rc1+ Kb3 52. Rb1+ Kc2 $17) 51. Kg4 Rc6 52. Kg5 Kc2 (52... b5 $5 53. Rxb5 Ke4 $11) 53. Rb5 Kc3 54. Rb1 {White threatens Rc1+ and mate.} Kd3 55. Kh6 Ke4 (55... Kc4 $5 {[%cal Rb6b5]}) 56. Kg5 Kd5 57. Rd1+ Ke4 {aiming for ...b5.} 58. Rb1 Kd3 {Precision: White = 73%, Black = 61%.} 1/2-1/2

[Event "7th RTU Open 2017"]
[Site "Riga"]
[Date "2017.08.09"]
[Round "4"]
[White "Miedema, David"]
[Black "Kryakvin, Dmitry"]
[Result "0-1"]
[WhiteElo "2373"]
[BlackElo "2583"]
[Annotator "TA"]
[PlyCount "48"]
[EventDate "2017.??.??"]
[EventType "swiss"]
[EventCountry "LAT"]
[SourceTitle "playchess.com"]
[Source "ChessBase"]
[SourceQuality "1"]

{[%evp 13,48,46,60,58,50,50,62,45,60,50,42,30,32,16,17,0,0,0,0,0,0,0,0,0,0,20,0,-702,-692,-715,-714,-676,-669,-593,-590,-5461,-5321]} 1. d4 g6 2. c4 Bg7 3. e4 d6 4. Nc3 e5 5. d5 Nd7 6. Bd3 a5 {A42: Modern Defence: Averbakh Variation} 7. Nge2 Ne7 {LiveBook: 3 Games} 8. h4 $146 ({Predecessor:} 8. O-O O-O 9. Ng3 Nc5 10. Bc2 f5 11. exf5 Nxf5 {0-1 (37) Agdestein,S (2625)-Movsziszian,K (2503) LLucmajor 2014}) 8... h5 {White is slightly better.} 9. Bg5 f6 10. Be3 Nc5 11. Bc2 O-O {[%cal Bh8f8,Bf8f5,Bf5f2][%mdl 32]} 12. Ng3 b6 13. a3 (13. Qe2 {looks sharper.} f5 14. exf5 Nxf5 15. Bxf5 Bxf5 16. Bxc5 bxc5 17. Nxf5 Rxf5 18. Ne4) 13... f5 14. exf5 (14. Bg5 $5 {[%cal Re4f5]}) 14... Nxf5 15. Nxf5 Bxf5 16. Bxf5 Rxf5 17. g4 hxg4 18. Qxg4 {aiming for Ke2.} Nd3+ 19. Ke2 e4 20. Qxg6 $4 {[%mdl 8192] [#]} (20. Rag1 $11 Qf8 21. Nxe4) 20... Rxf2+ $3 $19 {[%mdl 512] Black is clearly winning.} 21. Kd1 (21. Bxf2 Nf4+) 21... Nxb2+ 22. Kc1 Nd3+ 23. Kd1 {[#]} Qf8 $1 {[%cal Rf8f3][%mdl 512] ( -> ...Qf3+)} 24. Qxe4 {White hopes to continue with Rg1.} Re8 {Precision: White = 46%, Black = 81%.} 0-1

[Event "7th RTU Open 2017"]
[Site "Riga"]
[Date "2017.08.09"]
[Round "4"]
[White "Haldorsen, Benjamin"]
[Black "Ghosh, Diptayan"]
[Result "0-1"]
[WhiteElo "2362"]
[BlackElo "2562"]
[Annotator "TA"]
[PlyCount "129"]
[EventDate "2017.??.??"]
[EventType "swiss"]
[EventCountry "LAT"]
[SourceTitle "playchess.com"]
[Source "ChessBase"]
[SourceQuality "1"]

{[%evp 15,129,10,16,9,22,14,18,-10,-8,-33,-38,-41,-35,-41,-40,-39,-39,-35,-51,-46,-28,-35,0,-54,28,16,30,23,34,13,15,25,19,0,0,0,0,0,6,0,0,0,14,0,0,0,0,-8,0,0,0,0,239,218,221,195,274,160,399,402,424,396,688,684,1025,1033,1026,1025,991,931,1277,1264,1106,56,87,60,69,0,0,-101,0,0,0,-103,0,-16,0,0,0,0,0,-91,-68,-119,-78,-139,-133,-345,-343,-312,-329,-320,-244,-407,-380,-1849,-389,-1133,-1054,-29981,-29982,-29981,-29982,-29981,-29982,-29979]} 1. e4 e6 2. d4 d5 3. Nc3 Nf6 4. Bg5 dxe4 5. Nxe4 Be7 6. Nxf6+ Bxf6 7. Bxf6 Qxf6 8. Nf3 O-O {[%cal Bh8f8,Bf8d8,Bd8d5,Bd5h5][%mdl 32] LiveBook: 109 Games} 9. Qd3 {C13: French: Classical System: 4 Bg5 Be7, Alekhine-Chatard Attack} (9. Qd2 c5 10. O-O-O Rd8 11. Qc3 cxd4 12. Rxd4 Rxd4 13. Qxd4 Qxd4 14. Nxd4 b6 15. Be2 Bb7 16. Nb5 Nd7 17. Rd1 {0-1 (44) Onischuk,V (2608)-Howell,D (2684) Minsk 2017}) 9... Bd7 $146 ({Find the theoretical novelty and annotate with similar games:} 9... Nd7 10. Qe3 Nb6 11. Bd3 Nd5 12. Qe4 g6 13. O-O Rd8 14. Rad1 Rb8 15. Ne5 Ne7 16. c3 h5 {½-½ (54) Kovachev,D (2308)-Tan,J (2448) Oslo 2017}) 10. O-O-O Bc6 11. h4 {The position is equal.} Bxf3 12. gxf3 Nc6 13. Qe4 Rfd8 {[%cal Rc6d4]} 14. c3 Rd5 15. Bd3 Rh5 16. Rdg1 g6 17. Rg4 {[%cal Bg1g4,Bg4h4,Bh4h7][%mdl 32]} Rd8 18. f4 $1 Rhd5 {[%cal Rc6d4] next ...Nxd4! is good for Black.} 19. Bc2 (19. Qf3 $11) 19... Ne7 (19... h5 $15 20. Rg5 Ne7) 20. h5 $1 $11 c6 21. hxg6 hxg6 22. Rgh4 Nf5 23. Rh7 Kf8 24. Bb3 Nd6 25. Qe3 Ra5 26. Kb1 Nf5 27. Qe4 Nd6 28. Qe3 Ke8 29. a3 Kd7 30. c4 Rf5 31. d5 exd5 32. cxd5 cxd5 33. Rd1 {[%cal Bh1d1,Bd1d4,Bd4e4,Be4e3,Be3g3,Bg3g4][%mdl 32]} Qe6 $2 (33... Kc7 $11 {and Black is okay.}) 34. Qxa7 $18 Ke7 35. Qa5 Qe4+ (35... b6 $142 36. Qxb6 Ne4) 36. Ka2 (36. Bc2 $18 Qxf4 37. Bxf5 Qxf5+ 38. Ka1) 36... d4 $2 (36... Qxf4 $16 37. Bxd5 Rc8) 37. Qb4 Qxf4 38. Rxd4 Qxf2 $2 {[#]} (38... Qe5 39. Rd1 Qc5) 39. Rh8 $1 {[%mdl 512]} Rd7 (39... Rxh8 40. Qxd6+) 40. Re4+ Kf6 41. Qc3+ Kg5 42. Re3 Rf4 43. Rg3+ Rg4 44. Qe5+ $2 (44. Qc1+ $18 Kf5 45. Bc2+ Ke6 46. Rxg4) 44... Nf5 $1 $14 45. Rxg4+ $1 ({Of course not} 45. Rgh3 Re7 $15) 45... Kxg4 46. Qe4+ (46. Rh2 $14 Qd4 47. Rg2+ Kh5 48. Qe1) 46... Kg5 $11 47. Rh3 {[#]} (47. Rh1 $11) 47... Qf4 ({Black should try} 47... Rd2 $1 $17 {[%cal Rd2b2]} 48. Qe5 Qd4 49. Qxd4 Rxd4 50. Bxf7 Kf6) 48. Qe8 Re7 49. Qd8 {[#]} (49. Qb5 $11 {keeps the balance.}) 49... Qd6 ({Black should play} 49... Qd4 $1 $17 {[%cal Rd4d8]} 50. Qc8 Re2) 50. Qh8 Qf6 $36 {[%mdl 2048] ...Qxh8 is the strong threat. White is under pressure.} 51. Qc8 Qd4 52. Qc1+ Kf6 53. Rc3 (53. Rh7 $11 {remains equal.}) 53... Kg7 $17 54. Rc4 (54. Qc2 $15) 54... Qe3 {Strongly threatening ...Qxc1.} 55. Qh1 (55. Qd1 $142) 55... Nd4 56. Rb4 $2 (56. Rc3 $17 Qe5 57. Bd5) 56... Nxb3 $19 57. Rxb3 {[%mdl 4096] Endgame KQR-KQR} Qe6 58. Qf3 Qc4 59. Qg3 $2 (59. Ka1 {was necessary.}) 59... f5 {[%cal Bf7f5,Bf5f4][%mdl 32]} 60. Qd6 $2 (60. Kb1 f4 61. Qh4) 60... Kf7 $2 (60... Re3 61. Qd7+ Kh6) 61. Qd8 $2 (61. Qh2 f4 62. Qh7+ Kf6 63. Qh8+ Kf5 64. Qf8+ Rf7 65. Qh6) 61... f4 {And now ...Re3 would win.} 62. Qh8 Re3 {Black mates.} 63. Qh7+ Kf6 64. Qh8+ Kf5 65. Qf8+ {Precision: White = 38%, Black = 54%.} 0-1

[Event "7th RTU Open 2017"]
[Site "Riga"]
[Date "2017.08.09"]
[Round "4"]
[White "Migot, Tangi"]
[Black "Boruchovsky, Avital"]
[Result "0-1"]
[WhiteElo "2360"]
[BlackElo "2556"]
[Annotator "TA"]
[PlyCount "80"]
[EventDate "2017.??.??"]
[EventType "swiss"]
[EventCountry "LAT"]
[SourceTitle "playchess.com"]
[Source "ChessBase"]
[SourceQuality "1"]

{[%evp 30,80,24,-14,11,10,61,52,58,55,61,0,0,0,0,-3,-3,-9,-10,-10,0,-8,0,0,0,-8,-9,-16,-26,-174,-166,-163,-153,-135,0,0,0,0,0,0,0,-3,-7,-179,-184,-12842,-12843,-12843,-12843,-12844,-12844,-12845,-12843]} 1. e4 e5 2. Nf3 Nc6 3. Bb5 a6 4. Ba4 Nf6 5. O-O Be7 6. Re1 b5 7. Bb3 d6 8. c3 O-O 9. h3 Bb7 10. d4 Nd7 11. Nbd2 exd4 {C92: Closed Ruy Lopez: 9...Be6, Karpov and Flohr-Zaitsev Variations} 12. cxd4 Bf6 13. Nf1 Na5 14. Bc2 Re8 15. Rb1 c5 16. b4 {LiveBook: 4 Games} cxb4 17. Rxb4 Nc4 $146 (17... Nb6 $11) ({Predecessor:} 17... Rc8 18. a4 Qc7 19. Ne3 Bxe4 20. Bxe4 Rxe4 21. axb5 axb5 22. Rxb5 {½-½ (75) Kosteniuk,A (2555)-Khademalsharieh,S (2435) Khanty-Mansiysk 2016}) 18. a4 $14 Qa5 19. Rb1 Rac8 20. Ne3 (20. N1d2 $14) 20... Bxe4 $11 21. Nxc4 Bxf3 $1 22. Nxa5 Bxd1 23. Rxd1 {And now Bf5 would win.} (23. Rxe8+ $2 Rxe8 24. Bxd1 Re1+ 25. Kh2 Rxd1 $17) 23... Rxc2 24. axb5 axb5 25. Rxb5 Ree2 26. Be3 $1 h6 27. Nb7 (27. Rb7 $5 {[%cal Rb7d7]} Nf8 28. Rb8 $11) 27... Be7 28. Ra1 Nf6 29. Ra6 {[#]} (29. Kf1 $11) 29... Ne4 $1 $19 {[%cal Re4f2]} 30. Ra8+ Kh7 31. Re8 Ng3 (31... Rc7 $17 32. Na5 {[#]} d5 $1 {[%mdl 512]}) 32. Rb1 $1 $11 ({Don't blunder} 32. Rxe7 $2 Re1+ 33. Kh2 Nf1+ 34. Kh1 Nxe3+ 35. Kh2 Nf1+ 36. Kg1 Rxe7 $19) 32... Bg5 {aiming for ...Nf5.} 33. Nxd6 f5 {[%cal Bf7f5,Bf5f4,Bf4e3,Be3e2][%mdl 32] White must now prevent ...f4.} 34. Nf7 f4 $36 {[%mdl 2048] Black is pushing.} 35. Nxg5+ ({Avoid the trap} 35. Rh8+ $2 Kg6 $19) 35... hxg5 36. Re5 $2 (36. fxg3 $11 {and White stays safe.} Rxg2+ 37. Kf1 fxe3 38. Rxe3) 36... fxe3 37. fxg3 $2 (37. Rxe3 Rxe3 38. fxe3) 37... Rxg2+ $19 {Black is clearly winning.} 38. Kh1 Rh2+ (38... Rxg3 $2 39. Re1 $17) 39. Kg1 Rcg2+ 40. Kf1 e2+ {Precision: White = 40%, Black = 70%.} 0-1

[Event "7th RTU Open 2017"]
[Site "Riga"]
[Date "2017.08.09"]
[Round "4"]
[White "Pershin, Denis"]
[Black "Shyam, Sundar M"]
[Result "1-0"]
[WhiteElo "2353"]
[BlackElo "2547"]
[Annotator "TA"]
[PlyCount "75"]
[EventDate "2017.??.??"]
[EventType "swiss"]
[EventCountry "LAT"]
[SourceTitle "playchess.com"]
[Source "ChessBase"]
[SourceQuality "1"]

{[%evp 12,75,-16,-16,-13,-15,0,0,0,-21,0,-1,9,19,11,17,63,0,0,-25,-22,-26,-27,-82,-25,-33,-16,-18,39,25,29,20,41,13,0,0,0,8,2,8,111,13,225,214,261,241,337,338,396,400,912,954,1564,917,1028,1022,1019,1002,980,962,904,920,29970,29973,29992,29993]} 1. d4 Nf6 2. Nc3 d5 3. Bf4 e6 4. Nb5 Na6 5. e3 Be7 6. h3 {D00: 1 d4 d5: Unusual lines} O-O 7. Nf3 {LiveBook: 10 Games} c6 8. Nc3 {The position is equal.} Qb6 9. a3 c5 10. Rb1 $146 ({Find the theoretical novelty and annotate with similar games:} 10. Be2 Bd7 11. O-O Qxb2 {1-0 (41) Bortnyk,O (2568)-Volokitin,A (2640) Lvov 2016}) 10... Qa5 11. Qd2 Bd7 12. Be2 Rfc8 13. O-O {aiming for Nxd5!} c4 14. Bh2 (14. e4 $14) 14... Be8 $11 15. Qe1 (15. Ne4 $5 Qxd2 16. Nxf6+ Bxf6 17. Nxd2 $11) 15... Qd8 16. Ne5 b5 17. f4 (17. Bf3 $11) 17... b4 (17... Ne4 $17) 18. axb4 Bxb4 19. f5 exf5 (19... Nc7 $11) 20. Rxf5 $14 Ne4 21. Bf3 f6 22. Ng4 Bxc3 $1 23. bxc3 {Hoping for Nf2.} Bg6 24. Bxe4 $1 dxe4 25. Rfb5 $36 {[%mdl 2048] White is more active.} h5 {[#]} (25... Nc7 $11 26. Ra5 Nd5) 26. Nf2 (26. Nxf6+ $1 $16 Qxf6 27. Be5) 26... Be8 $2 (26... Nc7 $11) 27. Nxe4 $18 {Threatens to win with Rb7.} Bxb5 28. Rxb5 {[%cal Bb1b5,Bb5h5,Bh5h6][%mdl 32]} Rc6 29. Rxh5 g6 30. Rh6 Kg7 (30... Qe7 $142) 31. Qh4 {[#] White wants to mate with Rh7+.} Qg8 32. g4 Re8 33. g5 {[%cal Rg5f6]} Rxe4 34. Qxe4 {Intending Qe7+ and mate.} fxg5 35. Qxc6 Kxh6 36. Qxa6 Qe8 37. Be5 Qd7 38. Qf6 {Precision: White = 48%, Black = 40%.} 1-0

[Event "7th RTU Open 2017"]
[Site "Riga"]
[Date "2017.08.09"]
[Round "4"]
[White "Badelka, Olga"]
[Black "Kollars, Dmitrij"]
[Result "1/2-1/2"]
[WhiteElo "2335"]
[BlackElo "2514"]
[Annotator "TA"]
[PlyCount "77"]
[EventDate "2017.??.??"]
[EventType "swiss"]
[EventCountry "LAT"]
[SourceTitle "playchess.com"]
[Source "ChessBase"]
[SourceQuality "1"]

{[%evp 23,77,32,41,20,41,0,0,0,14,0,12,-25,-21,-43,-29,-58,0,0,0,-7,10,-45,-65,-57,-46,-43,-35,-70,-39,-35,-39,-34,-51,-39,-50,-44,-63,-99,-64,-209,-201,-214,-179,-273,0,0,29,17,17,25,25,28,11,6,8,0]} 1. c4 Nf6 2. g3 g6 3. Bg2 Bg7 4. Nc3 O-O 5. e4 d6 6. Nge2 c5 7. O-O Nc6 8. d3 Ne8 9. Be3 Nd4 10. Qd2 Nc7 {A36: Symmetrical English vs ...g6: 4 Bg2 Bg7} 11. Bh6 Rb8 (11... Bh3 12. Bxg7 Kxg7 13. Nxd4 Bxg2 14. Nf5+ gxf5 15. Kxg2 fxe4 16. dxe4 Ne6 17. f4 Kh8 18. Ne2 {1-0 (38) Flores,D (2579)-Belyakov,B (2487) Doha 2016}) 12. Bxg7 Kxg7 {LiveBook: 3 Games. White is slightly better.} 13. Nxd4 cxd4 14. Ne2 e5 15. b4 $146 ({Predecessor:} 15. f4 b5 16. f5 f6 17. g4 bxc4 18. dxc4 {0-1 (31) Martin Capitan,F (2116)-Matnadze,A (2355) Linares 2016}) 15... Bd7 16. f4 f6 17. f5 b5 18. g4 a5 19. a3 g5 (19... bxc4 $15 20. dxc4 Na6) 20. Rfb1 $11 axb4 21. axb4 Ra8 22. Nc1 (22. Bf3 $11) 22... Be8 $15 23. Nb3 Bf7 24. Rxa8 Nxa8 25. Na5 Qd7 26. Bf1 Nb6 27. cxb5 $1 Qxb5 28. Rc1 Rc8 29. Rxc8 Nxc8 30. Kf2 Nb6 31. Nb7 (31. h4 $1 $15 h6 32. Nc4 Nxc4 33. dxc4) 31... Qd7 $19 32. Na5 {[#]} Na4 $1 33. Qc1 (33. Kg1 {was necessary.}) 33... Qb5 $2 (33... Nc3 $19 {Threatens to win with ...Qa4.} 34. h4 h6) 34. Qc7 $1 $11 {Hoping for Nc4.} Qxb4 35. Nc4 Qc5 $1 {[%cal Rc5c7]} 36. Qe7 Qc8 $1 37. Nxd6 Qf8 38. Qc7 Nc3 39. Be2 {Precision: White = 50%, Black = 64%.} 1/2-1/2

[Event "7th RTU Open 2017"]
[Site "Riga"]
[Date "2017.08.09"]
[Round "4"]
[White "Lavendelis, Egons"]
[Black "Christiansen, Johan-Sebastian"]
[Result "1/2-1/2"]
[WhiteElo "2271"]
[BlackElo "2475"]
[Annotator "TA"]
[PlyCount "115"]
[EventDate "2017.??.??"]
[EventType "swiss"]
[EventCountry "LAT"]
[SourceTitle "playchess.com"]
[Source "ChessBase"]
[SourceQuality "1"]

{[%evp 13,115,7,11,10,14,0,0,-14,37,20,31,38,109,110,107,93,116,139,127,90,97,99,85,88,81,61,55,54,91,22,102,117,174,122,179,44,64,33,118,0,0,0,53,10,20,-9,-8,-19,-23,-129,-25,-61,0,0,0,0,0,0,0,-24,-28,-36,-36,-374,-373,-483,-442,-477,-374,-585,-555,-886,-850,-12835,-12835,-12835,-12835,-12839,-12839,-12840,-12840,-6605,0,0,0,-1042,0,0,0,0,0,0,0,0,0,0,0,0,0,0,0,0,0,0]} 1. e4 e6 2. f4 d5 3. e5 c5 4. Nf3 Nc6 5. c3 Nh6 6. Na3 Qb6 {C00: French: Unusual White 2nd moves} (6... Be7 7. Nc2 O-O 8. d4 cxd4 9. cxd4 Qb6 10. Bd3 Bd7 11. O-O Rac8 12. Kh1 f6 13. exf6 Bxf6 14. Ne5 {0-1 (58) Perelshteyn,E (2524)-Lenderman,A (2623) Manchester 2016}) 7. Nc2 Bd7 {LiveBook: 16 Games} 8. Be2 f6 9. exf6 gxf6 10. O-O $146 ({Predecessor:} 10. d4 Rg8 11. O-O cxd4 12. cxd4 Bd6 13. Kh1 O-O-O {0-1 (30) Chen,T (2288)-Schwarz,F (2244) Germany 2013}) 10... Bd6 (10... O-O-O $11) 11. Kh1 O-O-O 12. d4 Rdg8 (12... Bc7 $14) 13. dxc5 $1 $16 Bxc5 14. b4 Be7 15. Be3 Qc7 16. Nfd4 Kb8 17. f5 $36 {[%mdl 2048] White has strong initiative.} Nxf5 18. Nxf5 exf5 19. Qxd5 Ne5 $1 20. Nd4 Rd8 21. Bf4 (21. Qb3 $16) 21... Bc8 (21... Bxb4 $11 22. Rab1 (22. cxb4 Bc8 $14) 22... Bc8) 22. Qb3 Rhe8 (22... Bd6 $16 {was worth a try.}) 23. Bh5 (23. Rad1 $18) 23... Rg8 (23... Rf8 $16 {was necessary.} 24. Rad1 Ka8) 24. Bf7 (24. Bf3 $1 $18) 24... Rg4 $14 25. Bd5 a6 ({Better is} 25... Rxf4 $1 $14 26. Rxf4 Bf8) 26. h3 (26. g3 $16) 26... Rxf4 $1 $11 27. Rxf4 Ng4 (27... Ng6 $1 $11 28. Rxf5 Bxf5 29. Nxf5 Qe5 30. Nxe7 Nxe7) 28. Qc4 {aiming for Qxc7+.} (28. Raf1 $5 {[%cal Rh3g4]} Ne3 29. c4 Nxf1 30. Rxf1 $14) 28... Bd6 29. hxg4 {Threatens to win with Rff1.} Bxf4 30. gxf5 Qe5 31. Rf1 (31. Bf3 $11 {remains equal.}) 31... Bd2 ({Not} 31... Rxd5 32. Rxf4 $1 {[%mdl 512]} Qe3 33. Rf3 $14 (33. Qxd5 Qxf4 34. Qf3 Qxf3 $11)) (31... Be3 $1 $17 {[%cal Re3d4] And now ...Bxd4 would win.} 32. Be6 Bxd4 33. cxd4 Bxe6 34. Qxe6 Qxd4) 32. Be6 Bxc3 (32... Qe3 $1 $15 33. Rf3 Qe1+ 34. Kh2 Be3) 33. Qxc3 {Bxc8 is the strong threat.} Qxd4 34. Qxd4 Rxd4 $15 {[%mdl 4096] Endgame KRB-KRB} 35. a3 Rd3 36. Rf4 (36. g4 {seems wilder.} Rd4 37. Kg2 Rxg4+ 38. Kf3 Rg5 39. Re1) 36... Rxa3 37. Bxc8 Kxc8 $11 {KR-KR} 38. Rh4 $2 {[%mdl 8192] [#]} ({Only move:} 38. g4 $1 $15) 38... Ra4 $1 $19 39. Rh6 Rxb4 40. Rxf6 a5 41. Rf8+ (41. Rf7 $142 a4 42. f6) 41... Kd7 42. Rf7+ Kd6 43. Rxh7 a4 44. Rh8 b5 45. Ra8 Ke5 46. Kg1 Rb3 47. Kf2 a3 $2 (47... Kxf5 $19 {Strongly threatening ...a3.} 48. Ke2 a3) 48. g4 $11 b4 {Hoping for ...Rh3.} (48... Kf6 $5 {[%cal Rb5b4]}) 49. Ra5+ $2 {[%mdl 8192]} (49. Ra6 $11) 49... Kf4 $2 ({Black should try} 49... Kf6 $19 50. Ke2 Rg3 51. Ra6+ Kg5 52. Rg6+ Kh4 53. Rh6+ Kg5 54. Rg6+ Kh4 55. Rh6+ Kxg4) 50. f6 $1 {The position is equal.} Kxg4 (50... Ke4 $5 {[%cal Rb3f3]}) 51. Ra4 Rf3+ 52. Ke2 Kg3 53. Rxb4 a2 54. Ra4 Kg2 55. Kd2 (55. f7 $5) 55... Rf1 56. f7 Rxf7 57. Kc2 Rf2+ (57... a1=Q $5 58. Rxa1 Rf4 $11) 58. Kb3 {Precision: White = 47%, Black = 57%.} 1/2-1/2

[Event "7th RTU Open 2017"]
[Site "Riga"]
[Date "2017.08.09"]
[Round "4.13"]
[White "Stocek, Jiri"]
[Black "Gholami, Aryan"]
[Result "1/2-1/2"]
[WhiteElo "2583"]
[BlackElo "2434"]
[Annotator "TA"]
[PlyCount "68"]
[EventDate "2017.??.??"]
[EventType "swiss"]
[EventCountry "LAT"]
[SourceTitle "playchess.com"]
[Source "ChessBase"]
[SourceQuality "1"]

{[%evp 10,68,19,3,22,0,7,-16,23,0,0,0,-6,0,-3,3,10,2,6,0,2,0,12,4,31,14,4,0,5,-47,0,0,31,18,15,0,0,0,5,-10,-10,-10,-13,-9,-7,-50,-33,-48,0,0,0,0,0,0,0,0,0,0,0,0,0]} 1. c4 Nf6 2. Nc3 c5 3. Nf3 d5 4. cxd5 Nxd5 5. e3 Nc6 {[%cal Bb8c6,Bc6b4,Bb4d3][%mdl 32]} 6. Bc4 {LiveBook: 13 Games. A34: Symmetrical English: 2 Nc3, lines with ...d5} Nb6 7. Bb3 $146 ({Predecessor:} 7. Be2 e6 8. b3 Be7 9. Bb2 O-O 10. O-O Nd5 11. Rc1 b6 12. Nxd5 Qxd5 13. d4 cxd4 14. Nxd4 Nxd4 15. Bxd4 {½-½ (39) Bachmann,A (2633)-Dias,A (2182) Cuiaba 2015}) 7... c4 8. Bc2 Nb4 9. Ba4+ Bd7 10. Bxd7+ Qxd7 11. O-O Nd3 12. b3 e5 13. bxc4 Nxc4 14. Rb1 Rc8 15. e4 f5 16. exf5 {Black must now prevent Ng5.} Bc5 17. Qa4 Qxa4 18. Nxa4 b6 19. Rb3 (19. Nxc5 $11 Rxc5 20. Ne1) 19... e4 {[#] Hoping for ...Bxf2+.} (19... Bxf2+ $5 20. Kh1 Nxc1 21. Rxc1 O-O $15) 20. Ng5 Nd6 (20... Bxf2+ $5 21. Rxf2 Nxc1 $11) 21. Nxc5 (21. Bb2 $5 Nxb2 22. Rxb2 $14) 21... Nxc5 22. Ra3 O-O 23. g4 a5 24. Rh3 h6 25. Ne6 Nxe6 26. fxe6 Rfe8 27. d3 Rc3 28. Re3 Rxd3 29. Rxd3 {The position is equal.} exd3 $15 {KRB-KRN} 30. Rd1 Rxe6 {...Nc4 is the strong threat.} 31. Rxd3 Re1+ 32. Kg2 Rxc1 33. Rxd6 Rc2 34. Rxb6 Rxa2 {Precision: White = 48%, Black = 39%.} 1/2-1/2